000 00745nam a2200253Ia 4500
003 OSt
005 20220918223629.0
006 a|||||r|||| 00| 0
007 ta
008 220917b |||||||| |||| 00| 0 eng d
024 _a224,208
037 _cTextual
040 _aARTS
_cARTS
_beng
041 _2eng
_aeng
082 _aS:4-72, P5
100 _aFlanagan Dawn P. Ed.
_9146206
245 0 _aContemporary intellectual assessment
_b Theories, tests, and issues
260 _aNew York
_bGuilford Press
_c2005
300 _axvii, 667p
_ccm.
650 _aPSYCHOLOGY
700 _a Harrison Patti L. Ed.
_9146207
942 _hS:4-72, P5
_cTEXL
_2CC
999 _c278999
_d278999